000 00831nam a22001937a 4500
003 OSt
005 20250911164054.0
008 240222b ||||| |||| 00| 0 eng d
040 _c0
082 _aDPer 621.317 Ie21 May 2022 v. 37 n. 5
100 _aMalek, Md. Abdul.
_eauthor.
_952962
245 _aA simple 18-pulse star rectifier using two passive auxiliary circuits at DC link /
_cMd. Abdul Malek and Muhammad Abdul Goffar Khan.
260 _aNew York ;
_bThe Institute of Electrical and Electronics Engineers, Inc. ,
_cMay 2022.
300 _aVolume 37, pages 5583-5593 :
_billustration ;
_c28 cm.
500 _aIEEE Transactions on Power Electronics, vol. 37, no. 5, pages 5583-5593, May 2022.
700 _aMalek, Md. Abdul.
_eauthor.
_952962
700 _aKhan, Muhammad Abdul Goffar.
_eauthor.
_952963
942 _2ddc
_cPER
999 _c19274
_d19274